Tratado de la responsabilidad civil. el derecho de daños en la actualidad: teoría y práctica / Tomo I :
Guardado en:
| Autor Principal: | |
|---|---|
| Otros Autores: | |
| Formato: | Libro |
| Idioma: | Spanish |
| Publicado: |
Buenos Aires :
La Ley,
2004
|
| Edición: | 1a. ed. |
| Materias: | |
| Etiquetas: |
Agregar Etiqueta
Sin Etiquetas, Sea el primero en etiquetar este registro!
|
| LEADER | 00612nam a22001695a 4500 | ||
|---|---|---|---|
| 001 | DER.der000083 | ||
| 008 | 180615s2004####|||||||||||||||||#||spa|| | ||
| 005 | 20251201155201.0 | ||
| 245 | 1 | 0 | |a Tratado de la responsabilidad civil. |n Tomo I : |b el derecho de daños en la actualidad: teoría y práctica / |c Félix A. Trigo Represas , Marcelo J. López Mesa. |
| 250 | |a 1a. ed. | ||
| 260 | |a Buenos Aires : |b La Ley, |c 2004 | ||
| 300 | |a 972 p. | ||
| 020 | |a 9870305251 | ||
| 100 | 1 | |a Trigo Represas, Félix A. | |
| 700 | 1 | |a López Mesa, Marcelo J. | |
| 650 | 7 | |a DERECHO CIVIL | |
| 859 | |a DERECHO |b BIB. DERECHO |h 346.022 |i TRI |p 001010 |3 Tomo I | ||
